| 000 | 00468nam a2200133 4500 | ||
|---|---|---|---|
| 008 | 708 C238c | ||
| 082 |
_a708 _bC238c |
||
| 100 |
_aCapelán, Carlos _96765 |
||
| 245 | _a400 metros al norte del kiosko del Morazán | ||
| 260 |
_aSan José, Costa Rica _bTEOR/éTica _c1999 |
||
| 300 |
_a14 p. _bill (col) _c20 x 21,7 cm |
||
| 650 |
_xarte contemporáneo _xarte - exhibiciones _xarte - catálogo de exhibición _xUruguay _xCosta Rica _96766 |
||
| 700 |
_aPérez-Ratton, Virginia _9580 |
||
| 999 |
_c1658 _d1658 |
||